000 00912nam a2200265Ia 4500
003 OSt
005 20220923211146.0
006 a|||||r|||| 00| 0
007 ta
008 220922b |||||||| |||| 00| 0 hin d
020 _a818736825X (hbk)
024 _a156,643
037 _cTextual
040 _aARTS
_cARTS
_bhin
041 _2hin
_ahin
082 _aO15,1:g, 152P0.1-.2
100 _aकाले, मनोहर
245 0 _aभारतीय काव्य शास्त्र के नए आयाम
246 _aBhāratīya kāvya shāstra ke nae āyāma
260 _aदिल्ली
_b नमन प्रकाशन
_c2000
650 _a हिन्दी साहित्य
_9156264
650 _aसंस्कृत कविता
_9156350
942 _hO15,1:g, 152P0.1-.2
_cTEXL
_2CC
999 _c296117
_d296117